000
00315nam a2200121 a 4500
005
20140414131920.0
008
101022s19uu xx 00 eng d
050
_a
ER
_b
N93 1999
245
_a
Nursery rhymes book 4.
260
_a
Leicestershire, England :
_b
Brown Watson,
_c
1999.
999
_c
111726
_d
111726